Solar energy / (Record no. 355414)

000 -LEADER
fixed length control field 00983cam a22002895a 4500
001 - CONTROL NUMBER
control field 17520357
003 - CONTROL NUMBER IDENTIFIER
control field Nust- CAS-E
005 - DATE AND TIME OF LATEST TRANSACTION
control field 20180118181401.0
008 - FIXED-LENGTH DATA ELEMENTS--GENERAL INFORMATION
fixed length control field 121106s2012 nyu 000 0 eng
010 ## - LIBRARY OF CONGRESS CONTROL NUMBER
LC control number 2012953361
020 ## - INTERNATIONAL STANDARD BOOK NUMBER
International Standard Book Number 9781461458050
020 ## - INTERNATIONAL STANDARD BOOK NUMBER
International Standard Book Number 9781461458067
020 ## - INTERNATIONAL STANDARD BOOK NUMBER
International Standard Book Number 9781461458425
040 ## - CATALOGING SOURCE
Original cataloging agency DLC
Transcribing agency DLC
Modifying agency DLC
042 ## - AUTHENTICATION CODE
Authentication code pcc
082 ## - DEWEY DECIMAL CLASSIFICATION NUMBER
Classification number 621.47
Author Mark RIC 2012
100 1# - MAIN ENTRY--PERSONAL NAME
Personal name Richter, Christoph.
245 10 - TITLE STATEMENT
Title Solar energy /
Statement of responsibility, etc. Christoph Richter.
260 ## - PUBLICATION, DISTRIBUTION, ETC.
Place of publication, distribution, etc. New York :
Name of publisher, distributor, etc. Springer,
Date of publication, distribution, etc. 2012.
263 ## - PROJECTED PUBLICATION DATE
Projected publication date 1212
300 ## - PHYSICAL DESCRIPTION
Extent p. cm.
856 42 - ELECTRONIC LOCATION AND ACCESS
Materials specified Publisher description
Uniform Resource Identifier <a href="http://www.loc.gov/catdir/enhancements/fy1313/2012953361-d.html">http://www.loc.gov/catdir/enhancements/fy1313/2012953361-d.html</a>
856 41 - ELECTRONIC LOCATION AND ACCESS
Materials specified Table of contents only
Uniform Resource Identifier <a href="http://www.loc.gov/catdir/enhancements/fy1313/2012953361-t.html">http://www.loc.gov/catdir/enhancements/fy1313/2012953361-t.html</a>
906 ## - LOCAL DATA ELEMENT F, LDF (RLIN)
a 0
b ibc
c orignew
d 2
e epcn
f 20
g y-gencatlg
942 ## - ADDED ENTRY ELEMENTS (KOHA)
Source of classification or shelving scheme
Koha item type Book
Holdings
Withdrawn status Lost status Source of classification or shelving scheme Damaged status Not for loan Collection code Permanent Location Current Location Shelving location Date acquired Source of acquisition Total Checkouts Full call number Barcode Date last seen Date last checked out Cost, replacement price Price effective from Koha item type
            US-Pakistan Center for Advanced Studies in Energy (USPCAS-E) US-Pakistan Center for Advanced Studies in Energy (USPCAS-E) General Stacks 06/07/2013 Progressive Int. 1 621.47 RIC 2012 CAS-E0000341 01/12/2017 01/12/2017 27860.07 08/20/2014 Book
© 2023 Central Library, National University of Sciences and Technology. All Rights Reserved.